000 00328 a2200157 4500
001 65475
020 _a849225176X
040 _cAnchieta - Pituba
100 _aMarques, Marina
240 1 0 _aVila de Sintra
_lpor
245 1 0 _aVila de Sintra
300 _a24
362 0 _a1998
650 4 _aGeografia e viagens
942 _cBK
999 _c65475
_d65475